NBS/NRC Wasserdampftafeln. Termodynamische und Transportgrö en mit Computerprogrammen für Dampf und Wasser in SI-Einheiten /

Uložené v:
Podrobná bibliografia
Hlavní autori: Haar, L (Autor), Gallagher, J.S (Autor), Kell, G.S (Autor)
Médium: Kniha
Vydavateľské údaje: Berlin : Springer Verlag, 1988
Tagy: Pridať tag
Žiadne tagy, Buďte prvý, kto otaguje tento záznam!

MARC

LEADER 00000nam a22000003a 4500
001 stu47271
005 20150617225710.7
008 ------s1988----gw----------------------d
040 |a STU  |b slo 
041 0
044 |a gw 
080 |a 621.1 
100 1 |a Haar, L  |4 aut 
245 1 |a NBS/NRC Wasserdampftafeln. Termodynamische und Transportgrö en mit Computerprogrammen für Dampf und Wasser in SI-Einheiten /  |c [aut.] Haar,L.; Gallagher,J.S.; Kell,G.S 
260 |a Berlin :  |b Springer Verlag,  |c 1988 
300 |a 310 s 
700 1 |a Gallagher, J.S  |4 aut 
700 1 |a Kell, G.S  |4 aut 
996 |b J81646  |c J*81646/K 14  |l JJK14  |s P  |a 0  |w stu47271_0001